000 00861nam a22002177a 4500
003 BUBTL
008 230811b ||||| |||| 00| 0 eng d
041 _aBangla
082 _a320/ M7256f/ 2014
100 _95435
_aমহাপাত্র, ডঃ অনাদিকুমার
245 _aতুলনামূলক নির্বাচিত শাসনব্যবস্থা ও রাজনীতি/
_bডঃ অনাদিকুমার মহাপাত্র
250 _a1st ed.
260 _aকলিকাতা
_bসুহৃদ পাবলিকেশন
_cc2014
300 _a188p. :
_bill. ; 21 cm.
526 _aLaw
650 0 _aLaw
700 _95436
_aডঃ অনাদিকুমার মহাপাত্র
856 _k0
_l0
_yDownload
942 _2ddc
_cBK
999 _c7078
_d7078